• 首页
  • 本馆介绍
  • 公告通知
  • 最新文献
  • 馆藏检索
  • 电子资源
  • 读者导购
  • 参考咨询
  • 我的图书馆
  • 登录
  • 详细信息显示
  • 放入我的书架
  • 预约/预借图书
  • 作者相关作品
  • 分类相关作品
  • 丛书相关作品
  • 出版社相关作品

书目信息

  • 表格格式
  • 工作单格式
  • 卡片格式
题名:
柔巴依集
    
 
作者: 奥马尔·哈亚姆
分册:  
出版信息: 上海   上海译文出版社  1982
页数: 55页
开本: 20cm
丛书名:
单 册:
中图分类: I37.6
科图分类:
主题词: 文学
电子资源:
ISBN:
000 00488nam0 2200181 450
001 0728815141
005 20070819080015.14
010    @d¥0.41
100    @a20070819d km y0chiy0120 ea
101 0  @achi
200 1  @a柔巴依集@Arou ba yi ji@f奥马尔.哈亚姆@Fao ma er.ha ya mu
210    @a上海@c上海译文出版社@d1982
215    @a55页@d20cm
606 0  @a文学
690    @aI37.6@v3
701  0 @a奥马尔·哈亚姆@Aao ma er·ha ya mu
801  0 @aCN@bPFT@c20070819
905    @a213230@dI37.6@eZW27@f1
    
    柔巴依集/奥马尔.哈亚姆.-上海:上海译文出版社,1982
    55页;20cm
    
    
    ISBN :¥0.41
    
●
相关链接 在E读中查询图书 在五车中查询图书 在当当中查询图书 在豆瓣中查询图书


正题名:柔巴依集     索取号:I37.6/ZW27         预约/预借

序号 登录号 条形码 馆藏地/架位号 状态 备注
1 7602494   276024945   密集书库-文学院/ [索取号:I37.6/ZW27] 在馆    
2 7602588   276025882   密集书库-资源管理系/ [索取号:I37.6/ZW27] 在馆    
3 7602589   276025891   密集书库-资源管理系/ [索取号:I37.6/ZW27] 在馆    
唐山师范学院图书馆 欢迎您!
大连网信软件有限公司© 版权所有